EEG Signal Classification using RBF Neural Network Trained with Improved PSO Algorithm for Epilepsy Identification / (Record no. 525311)

000 -LEADER
fixed length control field 00643nam a22001937a 4500
003 - CONTROL NUMBER IDENTIFIER
control field NUST
005 - DATE AND TIME OF LATEST TRANSACTION
control field 20190630121754.0
008 - FIXED-LENGTH DATA ELEMENTS--GENERAL INFORMATION
fixed length control field 190630b ||||| |||| 00| 0 eng d
038 ## - RECORD CONTENT LICENSOR
Staff Name Attaullah
082 ## - DEWEY DECIMAL CLASSIFICATION NUMBER
Classification number 621.39
100 ## - MAIN ENTRY--PERSONAL NAME
Personal name Rehman Khattak, Asad
9 (RLIN) 16057
245 ## - TITLE STATEMENT
Title EEG Signal Classification using RBF Neural Network Trained with Improved PSO Algorithm for Epilepsy Identification /
Statement of responsibility, etc. Asad Rehman Khattak.
260 ## - PUBLICATION, DISTRIBUTION, ETC.
Place of publication, distribution, etc. Islamabad :
Name of publisher, distributor, etc. CEME - NUST,
Date of publication, distribution, etc. 2018.
300 ## - PHYSICAL DESCRIPTION
Extent x, 52 p. : ill. ;
Dimensions 30cm.
500 ## - GENERAL NOTE
General note Hard Cover.
600 ## - SUBJECT ADDED ENTRY--PERSONAL NAME
Personal name Computer Engineering - MS Thesis.
9 (RLIN) 15646
700 ## - ADDED ENTRY--PERSONAL NAME
Personal name Dr. Ali Hassan.
9 (RLIN) 16058
942 ## - ADDED ENTRY ELEMENTS (KOHA)
Source of classification or shelving scheme
Koha item type Thesis
Holdings
Withdrawn status Lost status Source of classification or shelving scheme Damaged status Not for loan Permanent Location Current Location Shelving location Date acquired Total Checkouts Full call number Barcode Date last seen Price effective from Koha item type
          Central Library (CL) Central Library (CL) Thesis 06/30/2019   621.39 CL-T-190 06/30/2019 06/30/2019 Thesis
© 2023 Central Library, National University of Sciences and Technology. All Rights Reserved.